Normal view
MARC view
- Muhammad Kamran Khan Treen
Entry Personal Name
001 - CONTROL NUMBER
- control field: 22863
003 - CONTROL NUMBER IDENTIFIER
- control field: NUST
005 - DATE AND TIME OF LATEST TRANSACTION
- control field: 20191004105928.0
008 - FIXED-LENGTH DATA ELEMENTS
- fixed length control field: 191004|| aca||aabn | a|a d
040 ## - CATALOGING SOURCE
- Original cataloging agency: NUST
- Transcribing agency: NUST
100 ## - HEADING--PERSONAL NAME
- Personal name: Muhammad Kamran Khan Treen
670 ## - SOURCE DATA FOUND
- Source citation: Work cat.: (NUST)24727: Muhammad Kamran Khan Treen , MS/Thesis Analysis of Surge Phenomena in Axial Flow Compressors, 2014
